000
00324nam a2200133Ia 4500
005
20251222143228.0
008
251222s9999||||xx |||||||||||||| ||spa||
020
_a
978-987-1187-90-4
082
_a
891.32/D93H/2007
100
_a
Dostoievski, Fiodor
245
0
_a
Humillados y Ofendidos
264
_b
Terramar
942
_c
LIB
999
_c
14080
_d
14080